000 00661nam a22001817a 4500
003 UA-OsUOA
001 17167
007 ta
008 20040214b un ||||| |||| 00| 0 ukr d
100 _aТубіна С.
942 _cSA
040 _aUA-OsUOA
_cUA-OsUOA
_dUA-OsUOA
245 _aЩедрий ужинок: [Про підсумки результатів соц.-екон. поступу Радивилів. р-ну 2003-му році та осн. орієнтири на 2004 рік]
300 _aС.2
955 _a0
773 0 _w0
_tВісті Рівненщини
_dРівне
_d2004
_g№14/11 лют./
650 7 _aКраєзнавча робота
_2UDC
999 _c303335
_d303335